Accounting principles

Saved in:
Bibliographic Details
Main Author: Hermanson, Roger H.
Other Authors: Edwards, James Don, Salmonson, R. F. (Roland Frank) 1922-
Format: Book
Language:English
Published: Homewood, Boston : BPI/Irwin, 1989
Edition:4th ed.
Subjects:
Tags: Add Tag
No Tags, Be the first to tag this record!

MARC

LEADER 00000nam a2200000 i 4500
001 1/50272
008 970116s1989 eng d
020 |a 0-256-07349-X 
035 |l 10026975 
040 |a GR-MY-UA  |b gre  |e aacr 
041 0 |a eng 
082 0 |a 657 
100 1 |a Hermanson, Roger H. 
245 1 0 |a Accounting principles /  |c Roger H. Hermanson, James Don Edwards, R.F. Salmonson 
250 |a 4th ed. 
260 |a Homewood, Boston :   |b BPI/Irwin,   |c 1989 
300 |a xxiv, 1272 σ. 
504 |a Περιλαμβάνει βιβλιογραφικές παραπομπές και ευρετήριο 
650 0 0 |a Accounting. 
700 1 |a Edwards, James Don. 
700 1 |a Salmonson, R. F.  |q (Roland Frank)  |d 1922- 
852 |a INST  |b CHIOS  |e 19970116  |h 657 HER  |p 005200010883  |q 005200010883  |t BK  |y 0 
909 |a Χ  |b 048941